|
|
|
|
| LEADER |
03586nam a22006495i 4500 |
| 001 |
978-3-642-34091-8 |
| 003 |
DE-He213 |
| 005 |
20151030091528.0 |
| 007 |
cr nn 008mamaa |
| 008 |
120923s2012 gw | s |||| 0|eng d |
| 020 |
|
|
|a 9783642340918
|9 978-3-642-34091-8
|
| 024 |
7 |
|
|a 10.1007/978-3-642-34091-8
|2 doi
|
| 040 |
|
|
|d GrThAP
|
| 050 |
|
4 |
|a TA1637-1638
|
| 050 |
|
4 |
|a TA1634
|
| 072 |
|
7 |
|a UYT
|2 bicssc
|
| 072 |
|
7 |
|a UYQV
|2 bicssc
|
| 072 |
|
7 |
|a COM012000
|2 bisacsh
|
| 072 |
|
7 |
|a COM016000
|2 bisacsh
|
| 082 |
0 |
4 |
|a 006.6
|2 23
|
| 082 |
0 |
4 |
|a 006.37
|2 23
|
| 245 |
1 |
0 |
|a Outdoor and Large-Scale Real-World Scene Analysis
|h [electronic resource] :
|b 15th International Workshop on Theoretical Foundations of Computer Vision, Dagstuhl Castle, Germany, June 26 - July 1, 2011. Revised Selected Papers /
|c edited by Frank Dellaert, Jan-Michael Frahm, Marc Pollefeys, Laura Leal-Taixé, Bodo Rosenhahn.
|
| 264 |
|
1 |
|a Berlin, Heidelberg :
|b Springer Berlin Heidelberg :
|b Imprint: Springer,
|c 2012.
|
| 300 |
|
|
|a X, 443 p. 209 illus.
|b online resource.
|
| 336 |
|
|
|a text
|b txt
|2 rdacontent
|
| 337 |
|
|
|a computer
|b c
|2 rdamedia
|
| 338 |
|
|
|a online resource
|b cr
|2 rdacarrier
|
| 347 |
|
|
|a text file
|b PDF
|2 rda
|
| 490 |
1 |
|
|a Lecture Notes in Computer Science,
|x 0302-9743 ;
|v 7474
|
| 505 |
0 |
|
|a Outdoor and Large-Scale Real-World Scene Analysis, which covers all aspects -- Applications and open problems regarding the performance or design of computer vision algorithms capable of working in outdoor setups and/or large-scale environments -- Developing these methods is important for driver assistance -- City modeling and reconstruction -- Virtual tourism -- Telepresence -- Motion capture.
|
| 520 |
|
|
|a This book constitutes the thoroughly refereed post-proceedings of the 15th International Workshop on Theoretic Foundations of Computer Vision, held as a Dagstuhl Seminar in Dagstuhl Castle, Germany, in June/July 2011. The 19 revised full papers presented were carefully reviewed and selected after a blind peer-review process. The topic of this Workshop was Outdoor and Large-Scale Real-World Scene Analysis, which covers all aspects, applications and open problems regarding the performance or design of computer vision algorithms capable of working in outdoor setups and/or large-scale environments. Developing these methods is important for driver assistance, city modeling and reconstruction, virtual tourism, telepresence, and motion capture.
|
| 650 |
|
0 |
|a Computer science.
|
| 650 |
|
0 |
|a Mathematical statistics.
|
| 650 |
|
0 |
|a Artificial intelligence.
|
| 650 |
|
0 |
|a Image processing.
|
| 650 |
|
0 |
|a Pattern recognition.
|
| 650 |
|
0 |
|a Application software.
|
| 650 |
1 |
4 |
|a Computer Science.
|
| 650 |
2 |
4 |
|a Image Processing and Computer Vision.
|
| 650 |
2 |
4 |
|a Pattern Recognition.
|
| 650 |
2 |
4 |
|a Artificial Intelligence (incl. Robotics).
|
| 650 |
2 |
4 |
|a Probability and Statistics in Computer Science.
|
| 650 |
2 |
4 |
|a Computer Applications.
|
| 650 |
2 |
4 |
|a Computer Science, general.
|
| 700 |
1 |
|
|a Dellaert, Frank.
|e editor.
|
| 700 |
1 |
|
|a Frahm, Jan-Michael.
|e editor.
|
| 700 |
1 |
|
|a Pollefeys, Marc.
|e editor.
|
| 700 |
1 |
|
|a Leal-Taixé, Laura.
|e editor.
|
| 700 |
1 |
|
|a Rosenhahn, Bodo.
|e editor.
|
| 710 |
2 |
|
|a SpringerLink (Online service)
|
| 773 |
0 |
|
|t Springer eBooks
|
| 776 |
0 |
8 |
|i Printed edition:
|z 9783642340901
|
| 830 |
|
0 |
|a Lecture Notes in Computer Science,
|x 0302-9743 ;
|v 7474
|
| 856 |
4 |
0 |
|u http://dx.doi.org/10.1007/978-3-642-34091-8
|z Full Text via HEAL-Link
|
| 912 |
|
|
|a ZDB-2-SCS
|
| 912 |
|
|
|a ZDB-2-LNC
|
| 950 |
|
|
|a Computer Science (Springer-11645)
|